000
00334 a2200157 4500
001
154873
040
_c
Escola São Tomás de Aquino
100
_a
SOARES, Paulo Antonio de Toledo
240
1
0
_a
Física 3
_l
por
245
1
0
_a
Física 3
300
_a
512
362
0
_a
2009
440
1
_a
Moderna
697
_a
FÍSICA
942
_c
BK
999
_c
154873
_d
154873